Normal view
MARC view
- VALKENSURGH, VAN
Entry Personal Name
001 - CONTROL NUMBER
- control field: 73427
003 - CONTROL NUMBER IDENTIFIER
- control field: NUST
005 - DATE AND TIME OF LATEST TRANSACTION
- control field: 20210628205022.0
008 - FIXED-LENGTH DATA ELEMENTS
- fixed length control field: 210628|| aca||aabn | a|a d
040 ## - CATALOGING SOURCE
- Original cataloging agency: NUST
- Transcribing agency: NUST
100 ## - HEADING--PERSONAL NAME
- Personal name: VALKENSURGH, VAN
670 ## - SOURCE DATA FOUND
- Source citation: Work cat.: (NUST): VALKENSURGH, VAN, BASIC ELECTRONIC PART-6, 1955
